[Event "Gibtelecom Masters"]
[Site "Gibraltar"]
[Date "2007.01.29"]
[Round "6.6"]
[White "Sengupta, Deep [2416] (4)"]
[Black "Gurevich, Mikhail [2635] (4)"]
[Result "0-1"]
[WhiteElo "2416"]
[BlackElo "2635"]
[PlyCount "130"]
[EventDate "2007.??.??"]

1. e4 e6 2. d4 d5 3. Nc3 Nf6 4. e5 Nfd7 5. Nf3 c5 6. dxc5 Nc6 7. Bf4 Bxc5 8.
Bd3 f6 9. exf6 Qxf6 10. Bg5 Qf7 11. O-O O-O 12. Bh4 Qh5 13. Bg3 a6 14. Qe2 Nf6
15. Rad1 Bd7 16. Na4 Ba7 17. c4 Nb4 18. Nc3 Nxd3 19. Qxd3 Rac8 20. cxd5 exd5
21. Nxd5 Qxd5 22. Qxd5+ Nxd5 23. Rxd5 Be6 24. Rd2 Bxa2 25. h3 Rfd8 26. Rfd1
Rxd2 27. Rxd2 Be6 28. Rd6 Re8 29. Nd4 Bc8 30. Kh2 Bc5 31. Rd5 Be7 32. Bc7 Bf6
33. f4 Kf7 34. Be5 Rd8 35. Rxd8 Bxd8 36. g4 g6 37. Kg3 Be7 38. Bh8 Kg8 39. Be5
Kf7 40. Bh8 Bb4 41. Kh4 a5 42. Kg5 Bd7 43. Be5 b5 44. f5 Bd2+ 45. Kh4 gxf5 46.
gxf5 Bh6 47. Kg4 Bf8 48. Kf4 a4 49. Nf3 h6 50. Bd4 Bd6+ 51. Ne5+ Kf6 52. Ke4
Bxf5+ 53. Kd5 Ke7 54. h4 b4 55. Nc6+ Kd7 56. Ne5+ Kc7 57. Nc4 Be7 58. Be5+ Kd8
59. h5 a3 60. bxa3 bxa3 61. Ne3 Bh7 62. Kc4 Kd7 63. Kb3 Bg8+ 64. Kc2 Kc6 65.
Ng4 Be6 {"Gibtelecom Masters"]} 0-1

[Event "Gibtelecom Masters"]
[Site "Gibraltar Gibraltar"]
[Date "2007.01.29"]
[Round "6.7"]
[White "Rogers, Ian"]
[Black "Sulskis, Sarunas"]
[Result "0-1"]
[WhiteElo "2522"]
[BlackElo "2525"]
[PlyCount "108"]
[EventDate "2007.01.23"]

1. e4 e5 2. Nf3 Nc6 3. Bb5 a6 4. Ba4 Nf6 5. O-O Be7 6. Re1 b5 7. Bb3 d6 8. c3
O-O 9. h3 Bb7 10. d4 Re8 11. Nbd2 Bf8 12. a3 h6 13. Ba2 d5 14. exd5 Nxd5 15.
Ne4 exd4 16. cxd4 Qd7 17. Bd2 Re6 18. Qb3 Rd8 19. Rad1 Nb8 20. Nc5 Bxc5 21.
dxc5 Rxe1+ 22. Bxe1 Qe7 23. Bb4 c6 24. Qc2 Nxb4 25. Rxd8+ Qxd8 26. axb4 Nd7 27.
Qe2 Kf8 28. Qd3 Qe7 29. Qh7 Qf6 30. Qh8+ Ke7 31. Qg8 g6 32. Nh2 h5 33. g3 Nf8
34. h4 Bc8 35. Nf1 Be6 36. Bxe6 Qxe6 37. Qh8 Qf6 38. Qh6 Qxb2 39. Qf4 Ne6 40.
Qd6+ Kf6 41. Qxc6 Qxb4 42. Qf3+ Kg7 43. c6 Qc5 44. Ne3 Nd4 45. Qd1 Nxc6 46.
Qa1+ Nd4 47. Qxa6 b4 48. Qa1 Qc3 49. Qa5 Nc6 50. Qb5 b3 51. Nc4 Qe1+ 52. Kg2
Qe4+ 53. Kg1 Nd4 54. Qb4 Nf3+ 0-1

[Event "Gibtelecom Masters"]
[Site "Gibraltar Gibraltar"]
[Date "2007.01.29"]
[Round "6.10"]
[White "Bellaiche, Anthony"]
[Black "Sutovsky, Emil"]
[Result "0-1"]
[WhiteElo "2472"]
[BlackElo "2629"]
[PlyCount "70"]
[EventDate "2007.01.23"]

1. d4 Nf6 2. c4 g6 3. Nc3 d5 4. Nf3 Bg7 5. Qb3 dxc4 6. Qxc4 O-O 7. e4 a6 8. Be2
b5 9. Qb3 c5 10. dxc5 Bb7 11. O-O Nxe4 12. Nxe4 Bxe4 13. Rd1 Qc7 14. Be3 Nc6
15. Rd2 e6 16. Bg5 h6 17. Bh4 Bxf3 18. Bxf3 Nd4 19. Qe3 Nf5 20. Bg3 e5 21. Qa3
Rad8 22. Rad1 Rxd2 23. Rxd2 Rd8 24. Rd5 Nd4 25. Rxd8+ Qxd8 26. Qxa6 e4 27. Bd1
Nf5 28. Bd6 e3 29. fxe3 Nxe3 30. Bf3 Qh4 31. Bg3 Qc4 32. h4 Qc1+ 33. Kh2 Nf1+
34. Kh3 Nxg3 35. Kxg3 Qe1+ 0-1

[Event "Gibtelecom Masters"]
[Site "Gibraltar Gibraltar"]
[Date "2007.01.29"]
[Round "6.11"]
[White "Lahno, Kateryna"]
[Black "Tregubov, Pavel"]
[Result "1/2-1/2"]
[WhiteElo "2456"]
[BlackElo "2613"]
[PlyCount "78"]
[EventDate "2007.01.23"]

1. e4 c5 2. Nf3 Nc6 3. d4 cxd4 4. Nxd4 Nf6 5. Nc3 e5 6. Ndb5 d6 7. Bg5 a6 8.
Na3 b5 9. Bxf6 gxf6 10. Nd5 f5 11. Bd3 Be6 12. O-O Bxd5 13. exd5 Ne7 14. c4 Bg7
15. Rb1 e4 16. Be2 bxc4 17. Nxc4 O-O 18. f3 a5 19. a3 a4 20. Qc2 e3 21. f4 Qc7
22. Qd3 Qc5 23. Kh1 Nxd5 24. Qxf5 Rab8 25. Rfd1 Nf6 26. Qxc5 dxc5 27. Bf3 Rfe8
28. Re1 Ne4 29. Rxe3 Nf2+ 30. Kg1 Rxe3 31. Nxe3 Nd3 32. Nc4 Nxb2 33. Kf1 Rb3
34. Nxb2 Rxb2 35. Rxb2 Bxb2 36. Bc6 Bxa3 37. Bxa4 Kg7 38. Ke2 Bb2 39. Kd3 Bd4
1/2-1/2

[Event "Gibtelecom Masters"]
[Site "Gibraltar Gibraltar"]
[Date "2007.01.29"]
[Round "6.12"]
[White "Ehlvest, Jaan"]
[Black "Vijayalakshmi, Subbaraman"]
[Result "1-0"]
[WhiteElo "2610"]
[BlackElo "2459"]
[PlyCount "65"]
[EventDate "2007.01.23"]

1. c4 Nf6 2. Nc3 c5 3. Nf3 e6 4. e4 d6 5. d4 cxd4 6. Nxd4 a6 7. Be2 Qc7 8. O-O
b6 9. Be3 Bb7 10. f3 Nbd7 11. Rc1 Rc8 12. Qd2 Be7 13. Rfd1 O-O 14. Bf1 Qb8 15.
g4 Rfd8 16. g5 Ne8 17. f4 Nc5 18. Bg2 Qa8 19. Qc2 Bf8 20. f5 Nc7 21. Rf1 exf5
22. Nxf5 b5 23. Qf2 Rd7 24. Nh6+ gxh6 25. gxh6 N5e6 26. Nd5 Nxd5 27. exd5 Rcc7
28. Rc3 bxc4 29. Bd4 Bxh6 30. Rg3+ Kf8 31. dxe6 Bxg2 32. Rxg2 Re7 33. Qf6 1-0

[Event "Gibtelecom Masters"]
[Site "Gibraltar Gibraltar"]
[Date "2007.01.29"]
[Round "6.13"]
[White "Epishin, Vladimir"]
[Black "Krush, Irina"]
[Result "1-0"]
[WhiteElo "2561"]
[BlackElo "2449"]
[PlyCount "125"]
[EventDate "2007.01.23"]

1. d4 d5 2. c4 dxc4 3. Nf3 Nf6 4. e3 e6 5. Bxc4 c5 6. O-O a6 7. Bd3 Nbd7 8. Re1
b6 9. e4 cxd4 10. e5 Nd5 11. Bg5 Be7 12. Bxe7 Qxe7 13. Nbd2 Bb7 14. Nxd4 O-O
15. Qg4 Nc5 16. Bf1 Rfd8 17. a3 b5 18. b4 Nd7 19. Qg3 N5b6 20. Ne4 Bxe4 21.
Rxe4 Rac8 22. Rg4 f5 23. exf6 Nxf6 24. Rh4 Qd6 25. Qe3 Kf7 26. Nf3 Nbd5 27. Qe1
h6 28. Rd4 Qb6 29. Rad1 Rc3 30. Ne5+ Ke7 31. g3 Rdc8 32. Bh3 Kf8 33. R4d3 R3c7
34. Rf3 Kg8 35. Nd3 Re8 36. Nc5 Kh8 37. Rfd3 Rce7 38. Nb3 Rc7 39. Nd4 e5 40.
Nf5 Qc6 41. Ne3 Nc3 42. Bg2 e4 43. Rd6 Qb7 44. R1d4 Qc8 45. h3 Nb1 46. Kh2 Nxa3
47. Rxf6 gxf6 48. Qd2 Nb1 49. Qd1 Nc3 50. Qh5 Rh7 51. Rd6 Re5 52. Qh4 Re6 53.
Qg4 Rhe7 54. Rd2 Qg8 55. Qf4 Qg5 56. Rd8+ Re8 57. Qc7 Qe5 58. Rxe8+ Rxe8 59.
Qf7 h5 60. h4 Ne2 61. Nd5 Re6 62. Bh3 Rd6 63. Ne7 1-0

[Event "Gibtelecom Masters"]
[Site "Gibraltar Gibraltar"]
[Date "2007.01.29"]
[Round "6.15"]
[White "Al Modiahki, Mohamed"]
[Black "Harika, Dronavalli"]
[Result "1/2-1/2"]
[WhiteElo "2556"]
[BlackElo "2421"]
[PlyCount "107"]
[EventDate "2007.01.23"]

1. e4 c5 2. Nf3 Nc6 3. Bb5 g6 4. Bxc6 dxc6 5. d3 Bg7 6. h3 Nf6 7. Nc3 Nd7 8.
Be3 e5 9. Qd2 Qe7 10. Bh6 f6 11. Bxg7 Qxg7 12. Ng1 Nf8 13. Nge2 Ne6 14. f4 exf4
15. Nxf4 Nd4 16. O-O O-O 17. Rae1 Bd7 18. Nd1 Rae8 19. Ne3 f5 20. c3 Ne6 21.
Nxe6 Bxe6 22. exf5 Bxf5 23. Nxf5 Rxe1 24. Qxe1 Rxf5 25. Rxf5 gxf5 26. Qe8+ Qf8
27. Qe5 b6 28. a4 Qf7 29. a5 bxa5 30. Qxc5 Qb7 31. Qf2 a4 32. Kh2 Qb5 33. c4
Qb3 34. Qg3+ Kf7 35. Qc7+ Kg8 36. Qd8+ Kf7 37. Qd7+ Kg8 38. Qd4 Qb8+ 39. Kg1
Kf7 40. Kf2 c5 41. Qd7+ Kg6 42. Kf3 Qxb2 43. Qe8+ Kh6 44. Qc6+ Kg7 45. Qxa4
Qb7+ 46. Kf4 Qe7 47. Qc6 a5 48. Kf3 Qa7 49. Qd6 a4 50. Qe5+ Kg8 51. Qe8+ Kg7
52. Qe5+ Kg8 53. Qe8+ Kg7 54. Qe5+ 1/2-1/2

[Event "Gibtelecom Masters"]
[Site "Gibraltar Gibraltar"]
[Date "2007.01.29"]
[Round "6.17"]
[White "Akopian, Vladimir"]
[Black "Smerdon, David"]
[Result "1-0"]
[WhiteElo "2700"]
[BlackElo "2460"]
[PlyCount "79"]
[EventDate "2007.01.23"]

1. e4 e6 2. d4 d5 3. Nd2 c5 4. exd5 exd5 5. Ngf3 Nf6 6. Bb5+ Bd7 7. Qe2+ Be7 8.
dxc5 O-O 9. Nb3 Re8 10. Be3 a6 11. Bd3 Ba4 12. Nfd4 Bxb3 13. Nxb3 Nbd7 14.
O-O-O Nxc5 15. Qf3 Nxb3+ 16. axb3 Bd6 17. Kb1 Be5 18. g4 Qa5 19. g5 Ne4 20.
Bxe4 dxe4 21. Qf5 Re7 22. Rd7 g6 23. Qg4 Rxd7 24. Qxd7 Qb5 25. Rd1 Bxh2 26. Qe7
Qe8 27. Qxb7 a5 28. Rd7 Rb8 29. Qd5 Be5 30. Bc5 Bg7 31. Re7 Qf8 32. Rb7 Qe8 33.
Qxf7+ Qxf7 34. Rxb8+ Bf8 35. Rxf8+ Qxf8 36. Bxf8 Kxf8 37. c3 Ke7 38. Kc2 Ke6
39. Kd2 Kf5 40. b4 1-0

[Event "Gibtelecom Masters"]
[Site "Gibraltar Gibraltar"]
[Date "2007.01.29"]
[Round "6.19"]
[White "Rendle, Thomas"]
[Black "Felgaer, Ruben"]
[Result "1-0"]
[WhiteElo "2366"]
[BlackElo "2556"]
[PlyCount "84"]
[EventDate "2007.01.23"]

1. e4 c5 2. Nc3 Nc6 3. Bb5 Nd4 4. Bc4 e6 5. Nge2 a6 6. Nxd4 cxd4 7. Ne2 b5 8.
Bb3 Bb7 9. d3 Bc5 10. O-O Ne7 11. Bg5 O-O 12. f4 f6 13. Bh4 d5 14. f5 e5 15.
Ng3 Kh8 16. Kh1 a5 17. a3 a4 18. Ba2 b4 19. Qg4 Qb6 20. axb4 Bxb4 21. Nh5 Rf7
22. c4 dxc3 23. bxc3 Bxc3 24. Rab1 Bb2 25. d4 Qxd4 26. Rfd1 Qb4 27. Nxg7 Rg8
28. Qe2 a3 29. Nh5 Rgf8 30. Qg4 Rg8 31. Qe2 Qd6 32. Ng3 Rfg7 33. Qh5 Rf8 34.
Qh6 Ng8 35. Qh5 d4 36. Qf3 Qc6 37. Re1 Qc3 38. Nh5 Qxf3 39. gxf3 Rgf7 40. Rg1
d3 41. Rxg8+ Rxg8 42. Bxf7 Rg5 1-0

[Event "Gibtelecom Masters"]
[Site "Gibraltar Gibraltar"]
[Date "2007.01.29"]
[Round "6.20"]
[White "Greenfeld, Alon"]
[Black "Ippolito, Dean"]
[Result "1-0"]
[WhiteElo "2556"]
[BlackElo "2397"]
[PlyCount "63"]
[EventDate "2007.01.23"]

1. c4 e6 2. Nc3 Nf6 3. e4 d5 4. e5 d4 5. exf6 dxc3 6. bxc3 Qxf6 7. Nf3 c5 8.
Be2 Nc6 9. O-O e5 10. Re1 Be7 11. d4 cxd4 12. cxd4 e4 13. Bg5 Qg6 14. Bxe7 exf3
15. Bxf3 Nxe7 16. Rb1 Kf8 17. Qa4 Qd6 18. c5 Qd8 19. d5 h5 20. d6 Nc6 21. Bxc6
bxc6 22. Qxc6 Be6 23. d7 Rh6 24. Qd6+ Kg8 25. c6 Bf5 26. Qd5 Be6 27. c7 Bxd5
28. cxd8=Q+ Rxd8 29. Re8+ Kh7 30. Rxd8 Rd6 31. Rd1 Kg6 32. Rc8 1-0

[Event "Gibtelecom Masters"]
[Site "Gibraltar Gibraltar"]
[Date "2007.01.29"]
[Round "6.21"]
[White "Cramling, Pia"]
[Black "Ansell, Simon"]
[Result "1-0"]
[WhiteElo "2530"]
[BlackElo "2393"]
[PlyCount "45"]
[EventDate "2007.01.23"]

1. d4 Nf6 2. Nf3 e6 3. c4 c5 4. d5 b5 5. Bg5 Qa5+ 6. Nbd2 bxc4 7. Bxf6 gxf6 8.
e4 Na6 9. Bxc4 Nc7 10. O-O Be7 11. Re1 d6 12. Re3 Bd7 13. Bf1 exd5 14. Nb3 Qb6
15. exd5 Kd8 16. Nfd2 Nxd5 17. Rxe7 Nxe7 18. Nc4 Qc6 19. Nxd6 Rg8 20. Nxc5 Bh3
21. Nde4+ Ke8 22. Qf3 f5 23. Nf6+ 1-0

[Event "Gibtelecom Masters"]
[Site "Gibraltar Gibraltar"]
[Date "2007.01.29"]
[Round "6.22"]
[White "Quillan, Gary"]
[Black "Jones, Gawain"]
[Result "0-1"]
[WhiteElo "2354"]
[BlackElo "2509"]
[PlyCount "70"]
[EventDate "2007.01.23"]

1. e4 c5 2. Nc3 Nc6 3. f4 g6 4. Nf3 Bg7 5. Bb5 Nd4 6. O-O Nxb5 7. Nxb5 d5 8. e5
a6 9. Nc3 Bg4 10. d4 c4 11. h3 Bxf3 12. Qxf3 e6 13. b3 Rc8 14. Ba3 h5 15. Ne2
Nh6 16. Rfb1 b6 17. Rb2 Nf5 18. c3 h4 19. Rab1 cxb3 20. Rxb3 b5 21. Nc1 Bf8 22.
Bxf8 Kxf8 23. Nd3 Qa5 24. Nc5 Qxa2 25. Qf2 Qxf2+ 26. Kxf2 Rc6 27. Ra1 Kg7 28.
Ke2 g5 29. fxg5 Rh5 30. Nxa6 Rxg5 31. Kf2 Rc4 32. Nc5 Rg3 33. Ra7 Kg6 34. Raa3
b4 35. cxb4 Rc2+ 0-1

[Event "Gibtelecom Masters"]
[Site "Gibraltar Gibraltar"]
[Date "2007.01.29"]
[Round "6.23"]
[White "Howell, David"]
[Black "Grooten, Herman"]
[Result "1-0"]
[WhiteElo "2501"]
[BlackElo "2387"]
[PlyCount "83"]
[EventDate "2007.01.23"]

1. d4 Nf6 2. c4 e6 3. Nc3 Bb4 4. Qc2 Nc6 5. Nf3 d6 6. Bd2 O-O 7. a3 Bxc3 8.
Bxc3 Re8 9. O-O-O Qe7 10. e4 e5 11. d5 Nb8 12. Nd2 Ng4 13. Nb3 Qg5+ 14. Kb1 Na6
15. f3 Nf6 16. h4 Qg6 17. g4 h5 18. g5 Nd7 19. Bh3 Qh7 20. Na5 Nb6 21. Bf5 g6
22. Bxc8 Raxc8 23. Rhf1 Nc5 24. b4 Ncd7 25. Bb2 Rb8 26. f4 Nc8 27. c5 exf4 28.
c6 bxc6 29. Nxc6 Ra8 30. Rxf4 f6 31. gxf6 Qf7 32. Rg1 Ne5 33. Rf5 Ng4 34. Rg5
Kf8 35. R1xg4 hxg4 36. h5 Qh7 37. hxg6 Qh1+ 38. Ka2 Nb6 39. f7 Rxe4 40. Qf2 Qf3
41. Rf5 Qxf2 42. g7# 1-0

[Event "Gibtelecom Masters"]
[Site "Gibraltar Gibraltar"]
[Date "2007.01.29"]
[Round "6.25"]
[White "Ramesh, RB."]
[Black "Werner, Dimo"]
[Result "1-0"]
[WhiteElo "2483"]
[BlackElo "2353"]
[PlyCount "63"]
[EventDate "2007.01.23"]

1. d4 d5 2. c4 c6 3. Nf3 Nf6 4. e3 e6 5. Bd3 Nbd7 6. O-O Bd6 7. Nbd2 O-O 8. e4
dxe4 9. Nxe4 Be7 10. Qe2 c5 11. Rd1 Qc7 12. dxc5 Nxc5 13. Nxc5 Qxc5 14. Be3 Qh5
15. Nd4 Qxe2 16. Bxe2 Bd7 17. Bf3 e5 18. Nb3 Bc6 19. Bxc6 bxc6 20. Na5 Rfc8 21.
Bd2 Rab8 22. Bc3 Bb4 23. Bxb4 Rxb4 24. Nxc6 Rb7 25. b4 Ne4 26. b5 f6 27. f3 Nc3
28. Rd3 Ne2+ 29. Kf2 Nf4 30. Rd6 h5 31. Rad1 Kh7 32. a4 1-0

[Event "Gibtelecom Masters"]
[Site "Gibraltar Gibraltar"]
[Date "2007.01.29"]
[Round "6.26"]
[White "Tissir, Mohamed"]
[Black "Klinova, Masha"]
[Result "1/2-1/2"]
[WhiteElo "2482"]
[BlackElo "2350"]
[PlyCount "80"]
[EventDate "2007.01.23"]

1. e4 d6 2. d4 Nf6 3. Nc3 g6 4. Be3 Bg7 5. Nf3 O-O 6. Qd2 a6 7. a4 b6 8. Bd3
Bb7 9. h3 c5 10. d5 e6 11. dxe6 fxe6 12. Bc4 d5 13. exd5 exd5 14. O-O-O b5 15.
Bxd5+ Nxd5 16. Nxd5 Nd7 17. Bg5 Nf6 18. Nxf6+ Bxf6 19. Qxd8 Raxd8 20. Bxf6
Rxd1+ 21. Rxd1 Bxf3 22. gxf3 Rxf6 23. axb5 axb5 24. Rd5 Rxf3 25. Rxc5 Rxh3 26.
Rxb5 Rf3 27. Re5 h5 28. c4 h4 29. c5 h3 30. c6 Rf6 31. Re3 Rxc6+ 32. Kd2 Rb6
33. Kc3 Rc6+ 34. Kd3 Rb6 35. Kc2 Rc6+ 36. Kb1 Rf6 37. Rxh3 Rxf2 38. b4 Kf7 39.
b5 Ke7 40. Rg3 Rf5 1/2-1/2

[Event "Gibtelecom Masters"]
[Site "Gibraltar Gibraltar"]
[Date "2007.01.29"]
[Round "6.27"]
[White "Solomon, Kenny"]
[Black "Abergel, Thal"]
[Result "1/2-1/2"]
[WhiteElo "2320"]
[BlackElo "2475"]
[PlyCount "123"]
[EventDate "2007.01.23"]

1. d4 d5 2. Nf3 Nf6 3. c4 c6 4. Nc3 a6 5. c5 Nbd7 6. Bf4 Nh5 7. e3 g6 8. Bd3
Bg7 9. Rc1 f6 10. h4 e5 11. Bh2 e4 12. g4 Nxc5 13. Nxe4 Nxe4 14. gxh5 Bg4 15.
Be2 Bxh5 16. Nd2 Bxe2 17. Kxe2 Nxd2 18. Qxd2 f5 19. Bf4 Bf6 20. Qb4 Qe7 21. Bd6
Qd7 22. Bf4 Rd8 23. Rc3 Qe7 24. Qxe7+ Kxe7 25. Bh6 Rhe8 26. b4 Kf7 27. Kf3 Re4
28. Bf4 h6 29. a4 g5 30. hxg5 hxg5 31. Bc7 Rd7 32. Rh7+ Ke6 33. Rxd7 Kxd7 34.
Bb6 f4 35. exf4 gxf4 36. Rd3 Be7 37. Bc5 b6 38. Bxe7 Kxe7 39. Rd1 Kd6 40. a5
bxa5 41. bxa5 c5 42. dxc5+ Kxc5 43. Rc1+ Rc4 44. Rb1 Ra4 45. Rc1+ Kb5 46. Rd1
Kxa5 47. Rxd5+ Kb6 48. Rf5 a5 49. Rf6+ Kc5 50. Rf5+ Kd6 51. Rb5 Kc6 52. Re5 Kb6
53. Re6+ Kc5 54. Re5+ Kb4 55. Kxf4 Ra1 56. Re4+ Kb3 57. Re3+ Kc2 58. Ke5 a4 59.
f4 a3 60. f5 a2 61. f6 Kd2 62. Ra3 1/2-1/2

[Event "Gibtelecom Masters"]
[Site "Gibraltar Gibraltar"]
[Date "2007.01.29"]
[Round "6.28"]
[White "Ly, Moulthun"]
[Black "Dzagnidze, Nana"]
[Result "1-0"]
[WhiteElo "2307"]
[BlackElo "2463"]
[PlyCount "135"]
[EventDate "2007.01.23"]

1. e4 c5 2. Nf3 d6 3. d4 cxd4 4. Nxd4 Nf6 5. Nc3 a6 6. f4 Qc7 7. Bd3 e5 8. Nf3
Nbd7 9. O-O Be7 10. Kh1 O-O 11. Qe1 b5 12. a3 Re8 13. fxe5 Nxe5 14. Nd4 Be6 15.
Nf5 Bf8 16. Bg5 Nfd7 17. Qg3 g6 18. Ne3 Nb6 19. Bf6 Qc5 20. Rad1 Bh6 21. Nf5
Bf8 22. Qh4 h5 23. Be2 Nbd7 24. Ne7+ Kh7 25. Bxh5 Bh6 26. Bg5 Rxe7 27. Be2 f6
28. Qxh6+ Kg8 29. Bxf6 Rh7 30. Qd2 Rf8 31. Bg5 Rxf1+ 32. Rxf1 Nc4 33. Bxc4 Bxc4
34. Rd1 Rf7 35. h3 Qe5 36. Be3 Qg3 37. Bg1 Ne5 38. Bh2 Qf2 39. Bxe5 dxe5 40.
Qg5 Kh7 41. Rd6 Qf1+ 42. Kh2 Qf4+ 43. Qxf4 exf4 44. b3 f3 45. gxf3 Rxf3 46. Nb1
Bf1 47. Nd2 Rxh3+ 48. Kg1 Be2 49. Kf2 Bd1 50. Rd3 Rh2+ 51. Kg3 Re2 52. c4 bxc4
53. bxc4 Bc2 54. Rd7+ Kh6 55. Kf4 g5+ 56. Ke5 Re3 57. Rd6+ Kh5 58. Rxa6 g4 59.
Kf4 Rd3 60. Ra5+ Kh4 61. Rd5 Rxa3 62. c5 g3 63. Nf3+ Kh3 64. Ne1 Kh2 65. Rh5+
Kg1 66. Nxc2 Rc3 67. Ne3 g2 68. Rg5 1-0

[Event "Gibtelecom Masters"]
[Site "Gibraltar Gibraltar"]
[Date "2007.01.29"]
[Round "6.29"]
[White "Salgado Allaria, Carlos"]
[Black "Ward, Chris"]
[Result "1-0"]
[WhiteElo "2288"]
[BlackElo "2456"]
[PlyCount "91"]
[EventDate "2007.01.23"]

1. e4 c5 2. c3 d5 3. exd5 Qxd5 4. d4 Nc6 5. Nf3 Bg4 6. dxc5 Qxd1+ 7. Kxd1 Nf6
8. Be3 Nd5 9. Bb5 e6 10. h3 Bxf3+ 11. gxf3 Nxe3+ 12. fxe3 Bxc5 13. Ke2 O-O-O
14. Nd2 Rd5 15. Bxc6 bxc6 16. Nc4 Rhd8 17. Rad1 Kc7 18. e4 Rg5 19. Rxd8 Kxd8
20. b4 Be7 21. Kf2 Kc7 22. Rd1 f5 23. Ne5 Bf6 24. f4 Rh5 25. Rd7+ Kc8 26. Rxa7
Rxh3 27. exf5 exf5 28. c4 Bxe5 29. fxe5 Rh4 30. e6 Kd8 31. Rd7+ Ke8 32. b5 cxb5
33. cxb5 Rb4 34. a4 g5 35. Rxh7 g4 36. a5 f4 37. a6 Rb2+ 38. Ke1 Rxb5 39. a7
Re5+ 40. Kd2 Rd5+ 41. Kc3 Ra5 42. a8=Q+ Rxa8 43. Rh8+ Ke7 44. Rxa8 Kxe6 45. Kd4
Kf5 46. Ra5+ 1-0

[Event "Gibtelecom Masters"]
[Site "Gibraltar Gibraltar"]
[Date "2007.01.29"]
[Round "6.30"]
[White "Ruxton, Keith"]
[Black "Bradford, Joseph"]
[Result "1/2-1/2"]
[WhiteElo "2282"]
[BlackElo "2442"]
[PlyCount "80"]
[EventDate "2007.01.23"]

1. Nf3 Nf6 2. c4 g6 3. Nc3 Bg7 4. e4 d6 5. Be2 O-O 6. d4 e5 7. O-O Nc6 8. d5
Ne7 9. b4 Nh5 10. Re1 f5 11. Ng5 Nf6 12. Bf3 h6 13. Ne6 Bxe6 14. dxe6 c6 15.
Be3 Kh8 16. b5 fxe4 17. Nxe4 Nxe4 18. Bxe4 Rf6 19. Qd2 d5 20. cxd5 cxd5 21. Bc5
Rxe6 22. Bxe7 Rxe7 23. Qxd5 Qxd5 24. Bxd5 Bf6 25. Kf1 Kg7 26. Rad1 Rd8 27. Bb3
Red7 28. Rxd7+ Rxd7 29. Rd1 Rxd1+ 30. Bxd1 a6 31. bxa6 bxa6 32. Ke2 Bd8 33. Kf3
Bb6 34. Be2 a5 35. Bd3 Kf6 36. h4 h5 37. Be4 Bc5 38. a4 Bb6 39. Bd5 Bc5 40. Be4
Bb6 1/2-1/2

[Event "Gibtelecom Masters"]
[Site "Gibraltar Gibraltar"]
[Date "2007.01.29"]
[Round "6.32"]
[White "Swinkels, Robin"]
[Black "Citak, Selim"]
[Result "1-0"]
[WhiteElo "2428"]
[BlackElo "2310"]
[PlyCount "69"]
[EventDate "2007.01.23"]

1. e4 c5 2. Nf3 d6 3. d4 cxd4 4. Nxd4 Nf6 5. Nc3 g6 6. Be3 Bg7 7. f3 O-O 8. Qd2
Nc6 9. O-O-O Nxd4 10. Bxd4 Be6 11. Kb1 Qc7 12. h4 Rfc8 13. h5 Qa5 14. hxg6 hxg6
15. a3 Rab8 16. Bd3 b5 17. Qg5 Rc5 18. Bxc5 dxc5 19. Qxc5 Nd7 20. Qb4 Qc7 21.
Nd5 Bxd5 22. exd5 Nc5 23. d6 exd6 24. Rh4 a5 25. Qd2 Qe7 26. Rg4 Qf6 27. Qc1 b4
28. axb4 axb4 29. Bc4 Rb7 30. Re1 Kf8 31. Bd5 Na4 32. Bc6 Nc3+ 33. bxc3 Rb8 34.
Qf4 bxc3+ 35. Ka1 1-0

[Event "Gibtelecom Masters"]
[Site "Gibraltar Gibraltar"]
[Date "2007.01.29"]
[Round "6.34"]
[White "Gunnarsson, Jon Viktor"]
[Black "Mohota, Nisha"]
[Result "0-1"]
[WhiteElo "2419"]
[BlackElo "2270"]
[PlyCount "122"]
[EventDate "2007.01.23"]

1. e4 e5 2. Nf3 Nc6 3. Bc4 Bc5 4. c3 Nf6 5. d3 a6 6. Bb3 d6 7. Nbd2 O-O 8. h3
Ba7 9. Nf1 d5 10. Qe2 Be6 11. Ng3 dxe4 12. dxe4 Bxb3 13. axb3 Ne8 14. O-O Nd6
15. Be3 Qf6 16. Bxa7 Rxa7 17. Rfd1 Qe6 18. b4 Raa8 19. Nf1 f6 20. Ne3 Rad8 21.
Nd2 Rf7 22. Qg4 Qxg4 23. hxg4 Rfd7 24. Kf1 Kf7 25. Ke2 Ne7 26. f3 Nb5 27. Nb3
Rxd1 28. Nxd1 Ng6 29. g3 Rh8 30. Kf2 h5 31. gxh5 Rxh5 32. Kg2 Rg5 33. Kf2 Rh5
34. Ne3 Rh2+ 35. Ng2 Nd6 36. Nc5 Nf8 37. Rd1 Ne6 38. Nxe6 Kxe6 39. b3 Nf7 40.
Rd3 Ng5 41. Kg1 Rh3 42. Kf2 Rh1 43. Nh4 Rh2+ 44. Ng2 Nh3+ 45. Kf1 Rh1+ 46. Ke2
Rg1 47. Ne1 Ke7 48. Rd1 Rxg3 49. Nd3 Nf4+ 50. Nxf4 exf4 51. Kf2 Rh3 52. Kg2 Rh8
53. Rd5 Rd8 54. Rc5 c6 55. Kf1 Rd2 56. Ke1 Rb2 57. Rf5 g5 58. e5 fxe5 59. Rxg5
Kf6 60. Rh5 Rxb3 61. Kd2 Rb2+ 0-1

[Event "Gibtelecom Masters"]
[Site "Gibraltar Gibraltar"]
[Date "2007.01.29"]
[Round "6.35"]
[White "Sarkar, Justin"]
[Black "Revesz, Zoltan"]
[Result "1/2-1/2"]
[WhiteElo "2405"]
[BlackElo "2245"]
[PlyCount "148"]
[EventDate "2007.01.23"]

1. d4 d5 2. c4 c6 3. Nf3 Nf6 4. Nc3 e6 5. Bg5 h6 6. Bxf6 Qxf6 7. e3 Nd7 8. Bd3
dxc4 9. Bxc4 Qd8 10. O-O Be7 11. e4 O-O 12. Qe2 Nf6 13. Rfd1 Qa5 14. a3 Re8 15.
Ne5 Qc7 16. b4 Nd7 17. Nxf7 Kxf7 18. Bxe6+ Kxe6 19. Qc4+ Kf6 20. Nd5+ cxd5 21.
Qxc7 dxe4 22. Qf4+ Kg6 23. Qxe4+ Kf7 24. Rac1 Nf6 25. Qf4 g5 26. Qe5 Bxb4 27.
Qc7+ Be7 28. d5 Bd7 29. d6 Bf8 30. Qxb7 a5 31. Rc7 Rad8 32. h3 a4 33. f4 gxf4
34. Rd4 Re6 35. Rxf4 Rxd6 36. Rxa4 Rd1+ 37. Kf2 Rd2+ 38. Ke1 Rd3 39. Ke2 Rd5
40. Ra8 Rxa8 41. Qxa8 Re5+ 42. Kf3 Bc5 43. g4 Re3+ 44. Kg2 Bd6 45. Rxd7+ Nxd7
46. Qd8 Rg3+ 47. Kf1 Ke6 48. Qe8+ Be7 49. Qg6+ Nf6 50. Qxh6 Rxa3 51. g5 Ra1+
52. Ke2 Ra2+ 53. Kd3 Ra3+ 54. Kc2 Ra2+ 55. Kb1 Rf2 56. h4 Rf1+ 57. Kc2 Kf7 58.
g6+ Kg8 59. Qe3 Kg7 60. Qxe7+ Kxg6 61. Kd3 Rf3+ 62. Ke2 Rf5 63. Qe6 Rh5 64. Qc4
Re5+ 65. Kf3 Rf5+ 66. Kg2 Rh5 67. Kg3 Rd5 68. Kh3 Rh5 69. Qd3+ Kg7 70. Kg3 Rd5
71. Qe3 Nh5+ 72. Kf3 Nf6 73. Qe6 Rh5 74. Kg3 Kg6 1/2-1/2

[Event "Gibtelecom Masters"]
[Site "Gibraltar Gibraltar"]
[Date "2007.01.29"]
[Round "6.36"]
[White "Helin, Mikael"]
[Black "Butnorius, Algimantas"]
[Result "0-1"]
[WhiteElo "1951"]
[BlackElo "2402"]
[PlyCount "68"]
[EventDate "2007.01.23"]

1. e4 c5 2. Nc3 e6 3. f4 d5 4. e5 Nh6 5. b3 a6 6. a4 b6 7. Nf3 Bb7 8. d4 Nf5 9.
Bd3 cxd4 10. Bxf5 dxc3 11. Bd3 Nc6 12. O-O g6 13. Qe1 Bb4 14. Kh1 d4 15. Ng5
Be7 16. Ne4 Nb4 17. Rf3 Nxd3 18. cxd3 b5 19. Kg1 Bd5 20. b4 a5 21. Rb1 axb4 22.
f5 gxf5 23. Rf4 fxe4 24. dxe4 Ba2 25. Qe2 Bxb1 26. Rxf7 Bxe4 27. Qxe4 Kxf7 28.
Qf3+ Ke8 29. Qc6+ Qd7 30. Qxa8+ Bd8 31. Bg5 Qd5 32. Qc8 Rg8 33. axb5 Rxg5 34.
g3 d3 0-1

[Event "Gibtelecom Masters"]
[Site "Gibraltar Gibraltar"]
[Date "2007.01.29"]
[Round "6.37"]
[White "Houska, Jovanka"]
[Black "Simpson, James"]
[Result "1/2-1/2"]
[WhiteElo "2384"]
[BlackElo "2267"]
[PlyCount "80"]
[EventDate "2007.01.23"]

1. e4 c6 2. d4 d5 3. Nc3 dxe4 4. Nxe4 Bf5 5. Ng3 Bg6 6. h4 h6 7. Nf3 Nd7 8. h5
Bh7 9. Bd3 Bxd3 10. Qxd3 e6 11. Bd2 Ngf6 12. O-O-O Be7 13. Ne4 Qc7 14. g3 Nxe4
15. Qxe4 O-O-O 16. Kb1 Kb8 17. c4 Ka8 18. Bc3 Bf6 19. Qe3 Qb6 20. Rhe1 Rhe8 21.
g4 Qa6 22. Ne5 Nxe5 23. dxe5 Be7 24. Qf4 Rf8 25. Rxd8+ Bxd8 26. Rd1 Bg5 27. Qe4
Qb6 28. f4 Be7 29. Qh7 Qe3 30. Qxg7 Qe4+ 31. Ka1 b6 32. Qxh6 Qc2 33. Rg1 Rd8
34. a3 Bxa3 35. f5 Bc5 36. Re1 Bf2 37. Qg5 Bh4 38. Qxh4 Rd1+ 39. Rxd1 Qxd1+ 40.
Ka2 Qa4+ 1/2-1/2

[Event "Gibtelecom Masters"]
[Site "Gibraltar Gibraltar"]
[Date "2007.01.29"]
[Round "6.38"]
[White "Spraggett, Kevin"]
[Black "Ramaswamy, Aarthie"]
[Result "1-0"]
[WhiteElo "2633"]
[BlackElo "2224"]
[PlyCount "73"]
[EventDate "2007.01.23"]

1. e4 c5 2. Nf3 Nc6 3. d4 cxd4 4. Nxd4 Nf6 5. Nc3 d6 6. Bg5 e6 7. Qd2 Be7 8.
O-O-O Nxd4 9. Qxd4 a6 10. h4 h6 11. Be3 Qc7 12. f3 b5 13. g4 Bb7 14. Be2 b4 15.
Qxb4 d5 16. Qb6 Qxb6 17. Bxb6 dxe4 18. f4 Nd5 19. Nxd5 exd5 20. Bd4 Bf6 21. Rh3
O-O-O 22. Bxf6 gxf6 23. Rd4 Rhg8 24. Rc3+ Kd7 25. Rb3 Bc6 26. Ra3 f5 27. g5
hxg5 28. hxg5 Rh8 29. c4 Rh4 30. Rxa6 Rxf4 31. cxd5 Ba8 32. Bb5+ Ke7 33. d6+
Kf8 34. Bc4 Rg4 35. Ra7 Rg1+ 36. Kc2 Rg2+ 37. Kc3 1-0